<?xml version="1.0" encoding="UTF-8"?>
<record
    xmlns:xsi="http://www.w3.org/2001/XMLSchema-instance"
    xsi:schemaLocation="http://www.loc.gov/MARC21/slim http://www.loc.gov/standards/marcxml/schema/MARC21slim.xsd"
    xmlns="http://www.loc.gov/MARC21/slim">

  <leader>00658nam a2200181   4500</leader>
  <datafield tag="999" ind1=" " ind2=" ">
    <subfield code="c">30611</subfield>
    <subfield code="d">30611</subfield>
  </datafield>
  <controlfield tag="008">191203b           ||||| |||| 00| 0 eng d</controlfield>
  <datafield tag="020" ind1=" " ind2=" ">
    <subfield code="a">9781292106175</subfield>
  </datafield>
  <datafield tag="050" ind1=" " ind2=" ">
    <subfield code="a">LB 1028 .M55 2016</subfield>
  </datafield>
  <datafield tag="100" ind1=" " ind2=" ">
    <subfield code="a">Mills, Geoffrey E.</subfield>
  </datafield>
  <datafield tag="245" ind1=" " ind2=" ">
    <subfield code="a">Educational research :</subfield>
    <subfield code="b">competencies for analysis and applications /</subfield>
    <subfield code="c"> Geoffret E. Mills and Lorraine R. Gay</subfield>
  </datafield>
  <datafield tag="250" ind1=" " ind2=" ">
    <subfield code="a">11th ed.</subfield>
    <subfield code="b">Global edition</subfield>
  </datafield>
  <datafield tag="260" ind1=" " ind2=" ">
    <subfield code="a">England :</subfield>
    <subfield code="b">Pearson Education Limited,</subfield>
    <subfield code="c">c2016.</subfield>
  </datafield>
  <datafield tag="300" ind1=" " ind2=" ">
    <subfield code="a">697p. :</subfield>
    <subfield code="b">ill. ;</subfield>
    <subfield code="c">26 cm.</subfield>
  </datafield>
  <datafield tag="650" ind1=" " ind2=" ">
    <subfield code="a">Education</subfield>
    <subfield code="x">Research.</subfield>
  </datafield>
  <datafield tag="650" ind1=" " ind2=" ">
    <subfield code="a">Education</subfield>
    <subfield code="x">Research methodology.</subfield>
  </datafield>
  <datafield tag="700" ind1=" " ind2=" ">
    <subfield code="a">Lorraine R. Gay</subfield>
  </datafield>
  <datafield tag="942" ind1=" " ind2=" ">
    <subfield code="2">lcc</subfield>
    <subfield code="c">BOOKS</subfield>
    <subfield code="h">LB 1028 .M55 2016</subfield>
  </datafield>
  <datafield tag="952" ind1=" " ind2=" ">
    <subfield code="0">0</subfield>
    <subfield code="1">0</subfield>
    <subfield code="2">lcc</subfield>
    <subfield code="4">0</subfield>
    <subfield code="7">0</subfield>
    <subfield code="a">MUC</subfield>
    <subfield code="b">MUC</subfield>
    <subfield code="c">GEN</subfield>
    <subfield code="d">2019-12-03</subfield>
    <subfield code="e">Purchase - Corporate Campus</subfield>
    <subfield code="g">4466.00</subfield>
    <subfield code="l">0</subfield>
    <subfield code="o">LB 1028 .M55 2016</subfield>
    <subfield code="p">23200</subfield>
    <subfield code="r">2019-12-03</subfield>
    <subfield code="w">2019-12-03</subfield>
    <subfield code="y">BOOKS</subfield>
  </datafield>
  <datafield tag="952" ind1=" " ind2=" ">
    <subfield code="0">0</subfield>
    <subfield code="1">0</subfield>
    <subfield code="2">lcc</subfield>
    <subfield code="4">0</subfield>
    <subfield code="7">0</subfield>
    <subfield code="a">MUC</subfield>
    <subfield code="b">MUC</subfield>
    <subfield code="c">GEN</subfield>
    <subfield code="d">2019-12-03</subfield>
    <subfield code="e">Purchase - Corporate Campus</subfield>
    <subfield code="g">4466.00</subfield>
    <subfield code="l">0</subfield>
    <subfield code="o">LB 1028 .M55 2016</subfield>
    <subfield code="p">23201</subfield>
    <subfield code="r">2019-12-03</subfield>
    <subfield code="w">2019-12-03</subfield>
    <subfield code="y">BOOKS</subfield>
  </datafield>
  <datafield tag="952" ind1=" " ind2=" ">
    <subfield code="0">0</subfield>
    <subfield code="1">0</subfield>
    <subfield code="2">lcc</subfield>
    <subfield code="4">0</subfield>
    <subfield code="7">0</subfield>
    <subfield code="a">MUC</subfield>
    <subfield code="b">MUC</subfield>
    <subfield code="c">GEN</subfield>
    <subfield code="d">2019-12-03</subfield>
    <subfield code="e">Purchase - Corporate Campus</subfield>
    <subfield code="g">4466.00</subfield>
    <subfield code="l">0</subfield>
    <subfield code="o">LB 1028 .M55 2016</subfield>
    <subfield code="p">23202</subfield>
    <subfield code="r">2019-12-03</subfield>
    <subfield code="w">2019-12-03</subfield>
    <subfield code="y">BOOKS</subfield>
  </datafield>
  <datafield tag="952" ind1=" " ind2=" ">
    <subfield code="0">0</subfield>
    <subfield code="1">0</subfield>
    <subfield code="2">lcc</subfield>
    <subfield code="4">0</subfield>
    <subfield code="7">0</subfield>
    <subfield code="a">MUC</subfield>
    <subfield code="b">MUC</subfield>
    <subfield code="c">GEN</subfield>
    <subfield code="d">2019-12-03</subfield>
    <subfield code="e">Purchase - Corporate Campus</subfield>
    <subfield code="g">4466.00</subfield>
    <subfield code="l">0</subfield>
    <subfield code="o">LB 1028 .M55 2016</subfield>
    <subfield code="p">23203</subfield>
    <subfield code="r">2019-12-03</subfield>
    <subfield code="w">2019-12-03</subfield>
    <subfield code="y">BOOKS</subfield>
  </datafield>
</record>
